01639nam a2200265Ia 4500001000600000003000900006008004100015040001300056040001300069041001300082100002400095100002900119245005100148245005000199250001100249260001400260260002100274260004900295300004300344500089300387650001501280650003101295700001801326700002901344D4326IT-RoPAU130308s9999 xx 000 0 und d aIT-RoPAU cIT-RoPAU aFRANCESE aMeunier Jean-Pierre gCodice Aut. SPICS: 42357 aIntroduction aux theories de la communication  bIntroduction Aux Theories de la Communication a1a ed. aBRUXELLES bDe Boeck/Wesmael c1993 [1° Ed.:1993 - Ed.Ling.Originale:1993] a"304 p. (prefazione: no ; testo: 304)" aIntroduzione Alle teorie della Comunicazione: Analisi Semiopragmatica della Comunicazione Mediatica. piccola fenomenologia di un Messaggio scritto Visivo. Panorama delle teorie della Comunicazione. Dal Modello del Telegrafo a Quello dell'Orchestra: Modelli di Lasswell e di Saussure. Semiotica Strutturale Alla Ricerca dei Significati: Comunicazione e Linguistica, progetto Semiologico. Primo Approccio dell'Enunciazione. Atti di Linguaggio. Atti Illocuzionari e Relazione. Parole e Immagini. Pragmatica delle comunicazioni Audio scritto Visive. Comunicazione e Relazione: relazione Sociale, Grandi Modi di Comunicazione, posizione e Gesto, Stile vocale e Verbale, Mediatizzazione della Comunicazione. comunicazioni Audio scritto Visive: Discorso e Storia, Dispositivi di Enunciazione. Vita dei Segni nella Vita Sociale. Guida per L'Analisi dei Messaggi Mediatici. Bibliografia Selettiva. aSEMIOLOGIA eCodice materia Spics: 3251 aPeraya Daniel gCodice Aut. SPICS: 34692